000 00730nam a22002657a 4500
003 UA-OsUOA
001 22334
007 ta
008 20031218b un ||||| |||| 00| 0 ukr d
100 _aХьелл Л.
700 _aЗиглер Д.
090 _a159.923
_bХ35
942 _cBK
040 _aUA-OsUOA
_brus
_cUA-OsUOA
_dUA-OsUOA
245 _aТеории личности
_bОсновные положения, исследования и применение
300 _a608 с.
955 _a0
041 _arus
080 _a159.923
020 _a5-88782-412-3
260 _aСанкт-Петербург
_bПитер
_c2001
044 _aRU
650 7 _a159.9 Психологія
_2UDC
999 _c308552
_d308552